| 000 | 00710cam a22002531 4500 | ||
|---|---|---|---|
| 001 | sa 65009159 | ||
| 003 | DLC | ||
| 005 | 20260227112200.0 | ||
| 008 | 900216s1962 ii 000 0 sano | ||
| 010 | _asa 65009159 | ||
| 035 | _a(OCoLC)21075864 | ||
| 040 |
_aDLC _cWaU _dDLC |
||
| 042 | _apremarc | ||
| 050 | 0 | 0 |
_aPK3791.B252 _bM3 |
| 100 | 0 | _aBhāravi. | |
| 245 | 0 | 0 | _aMahākavibhāravipraṇītaṃ Kirātārjunīyam. |
| 260 | _c[1962] | ||
| 300 |
_a19, 63 p. _c19 cm. |
||
| 490 | 0 |
_aVidyabhawan Sanskrit granthamala, _v86 |
|
| 500 | _aAdded t.p. in English. | ||
| 500 | _aIn Sanskrit; foreword and introd. in Hindi. | ||
| 700 | 1 |
_aPandeya, Umesh Chandra. _tSudhā. |
|
| 740 | 0 | _aKirātārjuniyam. | |
| 999 |
_c66044 _d66044 |
||